Countries Where the Lowest Percent of People Got Covid Vaccines - Statistics

General Stats
  • This quiz has been taken 20 times
  • The average score is 9 of 15
Answer Stats
% Country % Correct
13 D.R. Congo
80%
13 Republic of the Congo
75%
3.5 Yemen
75%
0.3 Burundi
70%
18 Mali
70%
22 Burkina Faso
60%
3.6 Haiti
60%
8.6 Madagascar
60%
16 Senegal
55%
19 Syria
55%
14 Gabon
50%
4.2 Papua New Guinea
50%
15 Cameroon
45%
20 Equatorial Guinea
45%
18 Algeria
35%
No matching quizzes found
Score Distribution
Percent of People with Each Score
Percentile by Number Answered
Your Score History
You have not taken this quiz